000 00416nam a2200181Ia 4500
005 20240823013309.0
008 240823s9999||||xx |||||||||||||| ||und||
041 _aENGLISH
082 _A621 J2
100 _a"Burr,Arthur H"
245 0 _aMechanical Design : Part IV
250 _a1st
260 _c1958
_b#VALUE!
500 _aTRANSFERED
650 _aDesigning
_bMechanical
942 _cBK
999 _c166841
_d166841